| 000 | 01667nam a2200373 a 4500 | ||
|---|---|---|---|
| 001 | 00168 | ||
| 003 | DO-SdBNP | ||
| 005 | 20180312085742.0 | ||
| 007 | 00168 | ||
| 008 | 091118s2008 dr 2008 000 0 spa d | ||
| 020 | _a9789945112054 (v. 6) Guía | ||
| 020 | _a9789945112290 (v. 6) Cuaderno | ||
| 040 |
_aBPMSU _bspa _cBPMSU |
||
| 092 |
_a372.83 _bR175s 6to. 2008 |
||
| 100 | 1 | _aRamos Santos, Henry | |
| 245 | 0 | 0 |
_aSociedad 6 : _bbásica / _cHenry Ramos Santos ; editora Margarita Castro Catrain |
| 260 |
_aSanto Domingo : _bSantillana, _c2008. |
||
| 300 |
_a2 v. : _bil., mapas., retrs. ; _c28 cm. |
||
| 490 | 1 | _aCoral | |
| 500 | _aLa biblioteca posee la guía y el cuaderno | ||
| 505 | 0 |
_tUnidad 1 -- _tLa expansión europea -- _tUnidad 2 -- _tLa conquista de América -- _tUnidad 3 -- _tEl sistema colonial -- _tUnidad 4 -- _tColonias en América -- _tUnidad 5 -- _tSanto Domingo español -- _tUnidad 6 -- _tOrigen de Saint Domingue -- _tUnidad 7 -- _tRevoluciones burguesas -- _tUnidad 8 -- _tLas rebeliones criollas -- -- _tUnidad 9 -- _tIndependencias americanas -- _tUnidad 10 -- _tEl criollo americano. |
|
| 650 | 4 |
_aCIENCIAS SOCIALES _vENSEÑANZA BÁSICA |
|
| 650 | 4 |
_aCIENCIAS SOCIALES _xEDUCACIÓN PRIMARIA |
|
| 650 | 4 |
_aCIENCIAS SOCIALES _xLIBROS DE TEXTOS |
|
| 650 | 4 |
_aCIENCIAS SOCIALES _xESTUDIOS Y TEXTOS |
|
| 650 | 4 |
_aEDUCACIÓN PRIMARIA _zREPÚBLICA DOMINICANA |
|
| 700 | 1 |
_aCastro Catrain, Margarita, _eed. |
|
| 830 | 0 | _aCoral | |
| 910 | _aValidado. Control de calidad MFF | ||
| 942 |
_2ddc _cBK |
||
| 945 | _ainventariado, 2018 / dg | ||
| 956 |
_aVMATEO _b10 _c20150615 _lBPMSU _h00151 |
||
| 956 |
_aBTAVÁREZ _b10 _c20160408 _lBPMSU _h00168 |
||
| 999 |
_c9646 _d9646 |
||